LEADER 01134nam a2200229 i 4500 001 000000041677 003 CaOOAMICUS 005 20090410000000.0 008 090410s1928 fr u000 u fre u 013 $a12847 040 $aSeMil$bita 245 10$aEcclesia :$bEncyclopédie populaire des connaissances religieuses /$cPubliée sous la direction de René Aigrain ; préface de Jules-Marie Courcoux ; collaborateurs : R. Aigrain ... [et al.]. 260 $aParis :$bLibrairie Bloud et Gay,$c1928. 300 $aVIII, 1104 p. :$bill. ;$ccm. 650 4$aReligioni - Enciclopedie e dizionari.$0(OLS)http://semarc/subject/265 650 4$aChiesa cattolica.$0(OLS)http://semarc/subject/3079 700 1 $aCourcoux, Jules-Marie.$0(OLS)http://semarc/name/20540 700 1 $aAigrain, René <1886-1957>.$0(OLS)http://semarc/name/9872 850 $aSeMil 852 $aSeMil$W1$xVenegono$y1$m2A I 118$j7832$B7832$CSeMilBibl$Z2$F7832 $81 996 $6245$aEcclesia :$bEncyclopédie populaire des connaissances religieuses$9(OLS)http://semarc/title/60456 996 $6260$aParis :$bLibrairie Bloud et Gay$9(OLS)http://semarc/publisher/35035 LEADER 01033nam a2200253 i 4500 001 000000041699 003 CaOOAMICUS 005 20090414000000.0 008 090414s1965 it u000 u ita u 013 $a12869 040 $aSeMil$bita 100 1 $aEvdokimov, Paul <1901-1970>.$0(OLS)http://semarc/name/20551 240 10$aL'orthodoxie.$0(OLS)http://semarc/title/60493 245 12$aL'ortodossia /$cPaul Evdokimov ; traduzione di Maria Girardet. 260 $aBologna :$bIl Mulino,$c1965. 300 $aXXXV, 535 p. ;$c22 cm. 490 0 $aCollana di studi religiosi 650 4$aChiesa Ortodossa.$0(OLS)http://semarc/subject/2381 700 1 $aSbaffi Girardet, Maria <1926-2011>.$0(OLS)http://semarc/name/20552 830 0$aCollana di studi religiosi.$0(OLS)http://semarc/title/6613 850 $aSeMil 852 $aSeMil$W1$xVenegono$y1$m2A I 144$j7854$B7854$CSeMilBibl$Z2$F7854 $81 996 $6245$aL'ortodossia$9(OLS)http://semarc/title/60388 996 $6260$aBologna :$bIl Mulino$9(OLS)http://semarc/publisher/29842